| 000 | 00973cam a22003257a 4500 | ||
|---|---|---|---|
| 003 | CHAP | ||
| 005 | 20220329134403.0 | ||
| 008 | 971013s1979 r 00010 d | ||
| 010 | _a19759 | ||
| 011 | _a20731 | ||
| 035 | _a24819 | ||
| 040 | _cCHAP | ||
| 082 |
_a335.4 _bA53Y |
||
| 100 | 0 | 0 |
_aAnderson, Perry. _95603 |
| 245 | 1 | 3 | _aEl Estado absolutista |
| 260 |
_aMéxico, D.F., : _bSiglo XXI, _c1979 |
||
| 300 | _a592 p | ||
| 490 | 0 | _aHistoria | |
| 590 |
_aBATCH-UPD _b10 _c20130110 _lUCH01 _h0236 |
||
| 590 |
_aBATCH-UPD _b10 _c20130110 _lUCH01 _h1840 |
||
| 590 |
_aBATCH-UPD _b10 _c20130410 _lUCH01 _h1210 |
||
| 590 |
_aCONVERSION _b10 _c20130109 _lUCH01 _h1312 |
||
| 650 | 1 | 4 |
_aEstado, El. _938240 |
| 650 | 1 | 4 |
_aMarxismo. _972728 |
| 830 | 0 |
_aHistoria _955599 |
|
| 901 | _aBK | ||
| 942 | _cLIBRO | ||
| 949 |
_a335.4 A53Y _bBC _cLIBRO _d33724000335790 _eLIBRO _fc.2 _gI.c/e _h67300 _i24819 _si |
||
| 949 |
_a335.4 A53Y _bBC _cLIBRO _d33724000335808 _eLIBRO _gI.c/e _h67299 _i24819 _si |
||
| 999 |
_c19759 _d19759 |
||